[Event "Irena Warakomska Memorial A"]
[Site "Suwalki"]
[Date "2021.07.28"]
[Round "2"]
[White "Lach, Aleksandra"]
[Black "Kacprzak, Kacper"]
[Result "0-1"]
[Board "33"]
[WhiteElo "2183"]
[WhiteTitle "WIM"]
[WhiteCountry "POL"]
[WhiteFideId "1134299"]
[WhiteEloChange "-13"]
[BlackElo "2075"]
[BlackCountry "POL"]
[BlackFideId "21819319"]
[BlackEloChange "13"]

1. e4 {[%clk 1:30:50]} c5 {[%clk 1:30:49]} 2. Nc3 {[%clk 1:30:35]} e6 {[%clk
1:30:47]} 3. Nge2 {[%clk 1:29:16]} Nc6 {[%clk 1:31:08]} 4. g3 {[%clk 1:29:14]}
Nf6 {[%clk 1:27:55]} 5. Bg2 {[%clk 1:26:37]} Be7 {[%clk 1:25:38]} 6. O-O {[%clk
1:23:23]} O-O {[%clk 1:22:49]} 7. f4 {[%clk 1:21:08]} d5 {[%clk 1:20:12]} 8. e5
{[%clk 1:19:37]} Ne8 {[%clk 1:17:32]} 9. d3 {[%clk 1:18:02]} f6 {[%clk 1:13:10]}
10. exf6 {[%clk 1:09:35]} Nxf6 {[%clk 1:13:02]} 11. h3 {[%clk 1:06:02]} Rb8
{[%clk 1:04:43]} 12. g4 {[%clk 0:53:32]} d4 {[%clk 0:59:36]} 13. Ne4 {[%clk
0:48:17]} Nd5 {[%clk 0:58:36]} 14. Rf3 {[%clk 0:27:13]} Qc7 {[%clk 0:50:48]} 15.
c4 {[%clk 0:20:12]} dxc3 {[%clk 0:45:13]} 16. bxc3 {[%clk 0:19:47]} Rd8 {[%clk
0:44:08]} 17. Qf1 {[%clk 0:15:50]} b5 {[%clk 0:40:49]} 18. Qf2 {[%clk 0:08:22]}
c4 {[%clk 0:32:54]} 19. d4 {[%clk 0:07:31]} b4 {[%clk 0:28:36]} 20. Bb2 {[%clk
0:07:36]} bxc3 {[%clk 0:25:34]} 21. Bxc3 {[%clk 0:08:05]} Ncb4 {[%clk 0:22:57]}
22. Bxb4 {[%clk 0:07:02]} Rxb4 {[%clk 0:21:43]} 23. N2c3 {[%clk 0:04:45]} Qb6
{[%clk 0:19:38]} 24. Rd1 {[%clk 0:04:48]} Rb2 {[%clk 0:15:14]} 25. Rd2 {[%clk
0:04:22]} Rxd2 {[%clk 0:15:20]} 26. Nxd2 {[%clk 0:04:50]} Ba6 {[%clk 0:12:41]}
27. Ne2 {[%clk 0:02:33]} Qb2 {[%clk 0:09:17]} 28. Nf1 {[%clk 0:02:53]} Bb4 {[%clk
0:08:13]} 29. a3 {[%clk 0:01:17]} Ba5 {[%clk 0:07:54]} 30. f5 {[%clk 0:00:54]} c3
{[%clk 0:07:38]} 31. Nxc3 {[%clk 0:01:01]} Qxf2+ {[%clk 0:07:48]} 32. Kxf2 {[%clk
0:01:16]} Bxc3 {[%clk 0:08:04]} 33. fxe6 {[%clk 0:01:27]} Bxd4+ {[%clk 0:08:21]}
34. Kg3 {[%clk 0:01:55]} Re8 {[%clk 0:07:06]} 35. Rf5 {[%clk 0:01:41]} Nc7 {[%clk
0:06:25]} 36. Rf7 {[%clk 0:01:07]} Nxe6 {[%clk 0:05:06]} 37. Rd7 {[%clk 0:01:26]}
Bc8 {[%clk 0:05:12]} 38. Rd5 {[%clk 0:01:42]} Bb7 {[%clk 0:05:29]} 39. Rxd4
{[%clk 0:01:47]} Bxg2 {[%clk 0:05:30]} 40. Rd1 {[%clk 0:32:13]} Bxf1 {[%clk
0:35:50]} 41. Rxf1 {[%clk 0:32:42]} Rd8 {[%clk 0:35:26]} 42. Rf3 {[%clk 0:32:33]}
Nc5 {[%clk 0:35:01]} 43. Rf5 {[%clk 0:32:30]} Rd3+ {[%clk 0:35:15]} 44. Kg2
{[%clk 0:32:27]} Rc3 {[%clk 0:35:18]} 45. a4 {[%clk 0:32:31]} a5 {[%clk 0:35:25]}
46. Rf4 {[%clk 0:32:29]} g6 {[%clk 0:34:53]} 47. h4 {[%clk 0:32:47]} Ne6 {[%clk
0:33:52]} 48. Rf6 {[%clk 0:32:49]} Nc5 {[%clk 0:33:27]} 49. Rf4 {[%clk 0:33:10]}
Kg7 {[%clk 0:31:47]} 50. Rd4 {[%clk 0:33:20]} h6 {[%clk 0:30:45]} 51. h5 {[%clk
0:33:30]} gxh5 {[%clk 0:30:22]} 52. gxh5 {[%clk 0:33:59]} Ne6 {[%clk 0:30:36]}
53. Rg4+ {[%clk 0:34:14]} Kf7 {[%clk 0:30:58]} 54. Kh2 {[%clk 0:34:27]} Rc5
{[%clk 0:31:21]} 0-1

[Event "Irena Warakomska Memorial A"]
[Site "Suwalki"]
[Date "2021.07.28"]
[Round "2"]
[White "Dwilewicz, Katarzyna"]
[Black "Warchol, Kamil"]
[Result "1-0"]
[Board "34"]
[WhiteElo "2082"]
[WhiteTitle "WFM"]
[WhiteCountry "POL"]
[WhiteFideId "1148486"]
[WhiteEloChange "13"]
[BlackElo "2183"]
[BlackTitle "CM"]
[BlackCountry "POL"]
[BlackFideId "21858241"]
[BlackEloChange "-13"]

1. e4 {[%clk 1:30:56]} d6 {[%clk 1:30:13]} 2. d4 {[%clk 1:31:22]} Nf6 {[%clk
1:29:56]} 3. Nc3 {[%clk 1:31:47]} e5 {[%clk 1:28:26]} 4. Nf3 {[%clk 1:31:59]}
Nbd7 {[%clk 1:27:59]} 5. Rg1 {[%clk 1:31:28]} c6 {[%clk 1:27:20]} 6. g4 {[%clk
1:31:39]} h6 {[%clk 1:26:26]} 7. Be3 {[%clk 1:29:05]} Qa5 {[%clk 1:26:01]} 8. Nd2
{[%clk 1:14:10]} b5 {[%clk 1:07:27]} 9. a3 {[%clk 1:07:43]} a6 {[%clk 1:00:45]}
10. f3 {[%clk 1:05:43]} g5 {[%clk 0:53:40]} 11. Bd3 {[%clk 0:58:48]} exd4 {[%clk
0:46:00]} 12. Nb3 {[%clk 0:57:14]} Qc7 {[%clk 0:42:38]} 13. Nxd4 {[%clk 0:55:42]}
Ne5 {[%clk 0:40:13]} 14. Be2 {[%clk 0:52:31]} Be6 {[%clk 0:29:49]} 15. Qd2 {[%clk
0:48:13]} Nfd7 {[%clk 0:25:31]} 16. h4 {[%clk 0:39:25]} Nb6 {[%clk 0:20:51]} 17.
b3 {[%clk 0:39:05]} Bg7 {[%clk 0:17:49]} 18. hxg5 {[%clk 0:33:41]} hxg5 {[%clk
0:18:03]} 19. Bxg5 {[%clk 0:30:51]} c5 {[%clk 0:13:10]} 20. Nf5 {[%clk 0:21:03]}
Bxf5 {[%clk 0:10:16]} 21. gxf5 {[%clk 0:21:26]} Ned7 {[%clk 0:06:50]} 22. O-O-O
{[%clk 0:16:35]} b4 {[%clk 0:02:45]} 23. axb4 {[%clk 0:11:52]} cxb4 {[%clk
0:03:02]} 24. Nd5 {[%clk 0:11:56]} Nxd5 {[%clk 0:03:13]} 25. Qxd5 {[%clk
0:12:25]} Rc8 {[%clk 0:01:38]} 26. Bc4 {[%clk 0:11:56]} Nb6 {[%clk 0:01:17]} 27.
Qxd6 {[%clk 0:11:33]} Qxd6 {[%clk 0:01:13]} 28. Rxd6 {[%clk 0:12:01]} Nxc4 {[%clk
0:01:34]} 29. bxc4 {[%clk 0:12:30]} Be5 {[%clk 0:01:01]} 30. Rd5 {[%clk 0:09:27]}
f6 {[%clk 0:01:17]} 31. Rgd1 {[%clk 0:07:09]} Rh2 {[%clk 0:01:22]} 32. Be3 {[%clk
0:04:48]} Re2 {[%clk 0:00:57]} 33. Bb6 {[%clk 0:04:24]} Rb8 {[%clk 0:00:47]} 34.
c5 {[%clk 0:04:34]} Rc8 {[%clk 0:00:48]} 35. Rg1 {[%clk 0:03:29]} Kf8 {[%clk
0:00:55]} 36. Rd7 {[%clk 0:02:55]} a5 {[%clk 0:00:58]} 37. Rh7 {[%clk 0:02:27]}
Bd4 {[%clk 0:00:42]} 38. Rh8+ {[%clk 0:01:20]} Kf7 {[%clk 0:01:11]} 39. Rxc8
{[%clk 0:01:43]} Bxg1 {[%clk 0:01:36]} 40. Bxa5 {[%clk 0:31:25]} Re1+ {[%clk
0:31:31]} 41. Kb2 {[%clk 0:24:01]} Bd4+ {[%clk 0:31:17]} 42. Kb3 {[%clk 0:22:21]}
Re3+ {[%clk 0:31:11]} 43. Kxb4 {[%clk 0:22:44]} Rxf3 {[%clk 0:31:34]} 44. Kc4
{[%clk 0:21:18]} Be5 {[%clk 0:31:51]} 45. c6 {[%clk 0:20:24]} Ra3 {[%clk
0:31:12]} 46. Bb4 {[%clk 0:19:53]} Ra7 {[%clk 0:31:03]} 47. Rf8+ {[%clk 0:19:02]}
Kg7 {[%clk 0:31:30]} 48. Rd8 {[%clk 0:19:07]} Ra6 {[%clk 0:31:18]} 49. Kb5 {[%clk
0:19:00]} Ra2 {[%clk 0:31:29]} 50. c7 {[%clk 0:17:05]} Bxc7 {[%clk 0:31:42]} 51.
Rd7+ {[%clk 0:17:31]} 1-0

[Event "Irena Warakomska Memorial A"]
[Site "Suwalki"]
[Date "2021.07.28"]
[Round "2"]
[White "Wikar, Martyna"]
[Black "Derylo, Kamil"]
[Result "1-0"]
[Board "35"]
[WhiteElo "2168"]
[WhiteCountry "POL"]
[WhiteFideId "21807663"]
[WhiteEloChange "7"]
[BlackElo "2062"]
[BlackCountry "POL"]
[BlackFideId "21846596"]
[BlackEloChange "-7"]

1. e4 {[%clk 1:30:57]} c6 {[%clk 1:23:10]} 2. d4 {[%clk 1:31:16]} d5 {[%clk
1:23:32]} 3. Nc3 {[%clk 1:30:39]} dxe4 {[%clk 1:23:54]} 4. Nxe4 {[%clk 1:31:04]}
Nf6 {[%clk 1:24:12]} 5. Nxf6+ {[%clk 1:31:26]} exf6 {[%clk 1:24:36]} 6. c3 {[%clk
1:31:32]} Bd6 {[%clk 1:24:59]} 7. Bd3 {[%clk 1:31:49]} O-O {[%clk 1:25:20]} 8.
Ne2 {[%clk 1:31:31]} Re8 {[%clk 1:25:38]} 9. Qc2 {[%clk 1:30:51]} h5 {[%clk
1:26:01]} 10. Be3 {[%clk 1:29:59]} Nd7 {[%clk 1:26:16]} 11. O-O-O {[%clk
1:28:58]} Nf8 {[%clk 1:26:41]} 12. Kb1 {[%clk 1:26:49]} Be6 {[%clk 1:26:13]} 13.
Ng3 {[%clk 1:23:59]} g6 {[%clk 1:25:30]} 14. Ne4 {[%clk 1:20:54]} Be7 {[%clk
1:24:44]} 15. c4 {[%clk 1:14:16]} Rc8 {[%clk 1:23:43]} 16. Nc5 {[%clk 1:12:24]}
Bxc5 {[%clk 1:19:43]} 17. dxc5 {[%clk 1:12:47]} Qe7 {[%clk 1:18:55]} 18. Rhe1
{[%clk 0:59:13]} Rcd8 {[%clk 1:12:15]} 19. Ka1 {[%clk 0:49:45]} Nd7 {[%clk
1:05:39]} 20. Bd4 {[%clk 0:33:23]} Kg7 {[%clk 1:01:53]} 21. b4 {[%clk 0:31:06]}
a5 {[%clk 0:34:21]} 22. f4 {[%clk 0:27:37]} axb4 {[%clk 0:32:55]} 23. Qf2 {[%clk
0:20:53]} b6 {[%clk 0:27:15]} 24. f5 {[%clk 0:19:05]} bxc5 {[%clk 0:25:30]} 25.
fxe6 {[%clk 0:12:48]} fxe6 {[%clk 0:23:10]} 26. Bb2 {[%clk 0:12:02]} e5 {[%clk
0:23:11]} 27. Qg3 {[%clk 0:11:06]} Nf8 {[%clk 0:21:52]} 28. Qf3 {[%clk 0:08:21]}
Qc7 {[%clk 0:17:44]} 29. Be4 {[%clk 0:07:06]} Ne6 {[%clk 0:17:12]} 30. Rxd8
{[%clk 0:06:20]} Rxd8 {[%clk 0:17:04]} 31. Rf1 {[%clk 0:06:30]} Rf8 {[%clk
0:15:53]} 32. Bxg6 {[%clk 0:04:48]} Kxg6 {[%clk 0:11:46]} 33. Qf5+ {[%clk
0:05:13]} Kf7 {[%clk 0:11:54]} 34. Qxf6+ {[%clk 0:05:34]} 1-0

[Event "Irena Warakomska Memorial A"]
[Site "Suwalki"]
[Date "2021.07.28"]
[Round "2"]
[White "Praczukowski, Stanislaw"]
[Black "Jankowiak, Piotr"]
[Result "1/2-1/2"]
[Board "36"]
[WhiteElo "2156"]
[WhiteCountry "POL"]
[WhiteFideId "1182730"]
[WhiteEloChange "-3"]
[BlackElo "2039"]
[BlackCountry "POL"]
[BlackFideId "1185250"]
[BlackEloChange "3"]

1. e4 {[%clk 1:30:58]} e5 {[%clk 1:30:53]} 2. Nf3 {[%clk 1:30:47]} Nc6 {[%clk
1:31:17]} 3. Bb5 {[%clk 1:31:07]} a6 {[%clk 1:31:41]} 4. Ba4 {[%clk 1:31:31]} Nf6
{[%clk 1:32:05]} 5. O-O {[%clk 1:31:29]} Be7 {[%clk 1:32:28]} 6. Re1 {[%clk
1:31:54]} b5 {[%clk 1:32:53]} 7. Bb3 {[%clk 1:32:20]} O-O {[%clk 1:33:13]} 8. d3
{[%clk 1:27:00]} d6 {[%clk 1:32:22]} 9. c3 {[%clk 1:26:23]} Na5 {[%clk 1:29:45]}
10. Bc2 {[%clk 1:26:03]} c5 {[%clk 1:30:08]} 11. Nbd2 {[%clk 1:25:48]} Re8 {[%clk
1:17:44]} 12. Nf1 {[%clk 1:25:26]} Bf8 {[%clk 1:17:49]} 13. Bg5 {[%clk 1:23:44]}
h6 {[%clk 1:10:54]} 14. Bxf6 {[%clk 1:23:22]} Qxf6 {[%clk 1:11:18]} 15. Ne3
{[%clk 1:23:27]} Be6 {[%clk 1:07:04]} 16. h3 {[%clk 1:21:01]} Nc6 {[%clk
0:49:41]} 17. Bb3 {[%clk 1:18:47]} Ne7 {[%clk 0:47:12]} 18. Nh2 {[%clk 1:14:15]}
g5 {[%clk 0:39:42]} 19. Nhg4 {[%clk 0:58:24]} Qg6 {[%clk 0:39:32]} 20. Qf3 {[%clk
0:58:08]} Bg7 {[%clk 0:38:59]} 21. Nf1 {[%clk 0:54:17]} a5 {[%clk 0:15:27]} 22.
Ng3 {[%clk 0:50:04]} a4 {[%clk 0:14:33]} 23. Bc2 {[%clk 0:49:31]} b4 {[%clk
0:09:31]} 24. a3 {[%clk 0:42:47]} b3 {[%clk 0:07:26]} 25. Bd1 {[%clk 0:34:08]} f5
{[%clk 0:06:47]} 26. exf5 {[%clk 0:26:31]} Nxf5 {[%clk 0:07:14]} 27. Nh5 {[%clk
0:25:01]} Qf7 {[%clk 0:02:57]} 28. Rc1 {[%clk 0:22:35]} Rf8 {[%clk 0:02:47]} 29.
Qe4 {[%clk 0:14:09]} Kh8 {[%clk 0:02:00]} 30. Nxg7 {[%clk 0:11:21]} Qxg7 {[%clk
0:01:32]} 31. Bf3 {[%clk 0:09:31]} Nh4 {[%clk 0:00:40]} 32. Nh2 {[%clk 0:09:49]}
Nxf3+ {[%clk 0:00:39]} 33. Nxf3 {[%clk 0:10:18]} Ra7 {[%clk 0:00:35]} 34. d4
{[%clk 0:07:47]} Bf5 {[%clk 0:00:58]} 35. Qc6 {[%clk 0:07:57]} cxd4 {[%clk
0:00:52]} 36. cxd4 {[%clk 0:08:25]} exd4 {[%clk 0:00:42]} 37. Qxd6 {[%clk
0:05:54]} Rd7 {[%clk 0:00:56]} 38. Qc6 {[%clk 0:05:39]} d3 {[%clk 0:00:59]} 39.
Rcd1 {[%clk 0:05:58]} Rfd8 {[%clk 0:01:06]} 40. Re5 {[%clk 0:34:58]} Bg6 {[%clk
0:30:37]} 41. Re6 {[%clk 0:32:05]} Kh7 {[%clk 0:16:12]} 42. Ne5 {[%clk 0:27:57]}
Bf5 {[%clk 0:13:33]} 43. Rf6 {[%clk 0:27:19]} Re7 {[%clk 0:08:40]} 44. Rxf5
{[%clk 0:13:04]} Rxe5 {[%clk 0:08:59]} 45. Qf3 {[%clk 0:10:59]} Rxf5 {[%clk
0:07:38]} 46. Qxf5+ {[%clk 0:11:03]} Qg6 {[%clk 0:08:01]} 47. Qxg6+ {[%clk
0:04:01]} Kxg6 {[%clk 0:08:29]} 48. f3 {[%clk 0:04:23]} Rc8 {[%clk 0:01:16]} 49.
Rxd3 {[%clk 0:04:21]} Rc2 {[%clk 0:01:44]} 50. Rd4 {[%clk 0:04:45]} Rxb2 {[%clk
0:02:10]} 51. Rxa4 {[%clk 0:05:11]} Ra2 {[%clk 0:00:34]} 52. Kh2 {[%clk 0:05:36]}
h5 {[%clk 0:00:52]} 53. Ra8 {[%clk 0:04:38]} h4 {[%clk 0:00:55]} 54. a4 {[%clk
0:04:53]} b2 {[%clk 0:00:50]} 55. Rb8 {[%clk 0:05:18]} Kf5 {[%clk 0:00:46]} 56.
a5 {[%clk 0:03:16]} Ke5 {[%clk 0:01:05]} 57. a6 {[%clk 0:03:35]} Kd4 {[%clk
0:00:52]} 58. a7 {[%clk 0:03:59]} Kc3 {[%clk 0:00:53]} 59. Rc8+ {[%clk 0:04:24]}
Kd2 {[%clk 0:01:01]} 60. Rb8 {[%clk 0:04:31]} Kc1 {[%clk 0:00:44]} 61. Rc8+
{[%clk 0:04:55]} Kd1 {[%clk 0:01:01]} 62. Rb8 {[%clk 0:05:13]} Kc1 {[%clk
0:00:49]} 1/2-1/2

[Event "Irena Warakomska Memorial A"]
[Site "Suwalki"]
[Date "2021.07.28"]
[Round "2"]
[White "Liberadzki, Slawomir"]
[Black "Piekielny, Pawel"]
[Result "0-1"]
[Board "37"]
[WhiteElo "2022"]
[WhiteCountry "POL"]
[WhiteFideId "1123483"]
[WhiteEloChange "-6"]
[BlackElo "2150"]
[BlackCountry "POL"]
[BlackFideId "21838828"]
[BlackEloChange "6"]

1. c4 {[%clk 1:30:58]} e5 {[%clk 1:30:56]} 2. Nc3 {[%clk 1:31:20]} Nf6 {[%clk
1:31:21]} 3. g3 {[%clk 1:31:46]} d5 {[%clk 1:31:47]} 4. cxd5 {[%clk 1:32:12]}
Nxd5 {[%clk 1:32:13]} 5. Bg2 {[%clk 1:32:36]} Nb6 {[%clk 1:32:39]} 6. d3 {[%clk
1:32:49]} Be7 {[%clk 1:33:05]} 7. Nf3 {[%clk 1:33:14]} Nc6 {[%clk 1:33:31]} 8.
O-O {[%clk 1:33:26]} O-O {[%clk 1:33:59]} 9. a3 {[%clk 1:33:28]} Re8 {[%clk
1:34:23]} 10. b4 {[%clk 1:32:16]} Bf8 {[%clk 1:34:41]} 11. Bb2 {[%clk 1:29:41]}
a5 {[%clk 1:35:04]} 12. b5 {[%clk 1:29:35]} Nd4 {[%clk 1:35:30]} 13. Nd2 {[%clk
1:28:01]} a4 {[%clk 1:33:01]} 14. e3 {[%clk 1:26:52]} Ne6 {[%clk 1:31:59]} 15.
Nc4 {[%clk 1:26:25]} Nc5 {[%clk 1:27:15]} 16. Nxb6 {[%clk 1:15:33]} cxb6 {[%clk
1:27:27]} 17. d4 {[%clk 1:14:05]} exd4 {[%clk 1:15:45]} 18. Qxd4 {[%clk 1:10:39]}
Qxd4 {[%clk 1:16:09]} 19. exd4 {[%clk 1:10:48]} Nd3 {[%clk 1:13:53]} 20. Ra2
{[%clk 1:04:56]} Be6 {[%clk 1:04:16]} 21. d5 {[%clk 1:04:40]} Bf5 {[%clk
0:59:30]} 22. Ba1 {[%clk 1:01:36]} Ne1 {[%clk 0:54:05]} 23. d6 {[%clk 0:42:37]}
Nxg2 {[%clk 0:49:35]} 24. Kxg2 {[%clk 0:39:20]} Bxd6 {[%clk 0:50:01]} 25. Rd2
{[%clk 0:38:34]} Bc5 {[%clk 0:43:45]} 26. Bb2 {[%clk 0:36:43]} h5 {[%clk
0:41:45]} 27. Rd5 {[%clk 0:28:00]} Be4+ {[%clk 0:39:27]} 28. Nxe4 {[%clk
0:28:23]} Rxe4 {[%clk 0:39:56]} 29. Rfd1 {[%clk 0:27:06]} Re2 {[%clk 0:38:15]}
30. R1d2 {[%clk 0:26:13]} Rxd2 {[%clk 0:36:47]} 31. Rxd2 {[%clk 0:26:37]} Ra5
{[%clk 0:37:06]} 32. Rd8+ {[%clk 0:20:21]} Kh7 {[%clk 0:37:35]} 33. Rd5 {[%clk
0:20:43]} Rxb5 {[%clk 0:34:50]} 34. Bd4 {[%clk 0:20:42]} Kg6 {[%clk 0:30:29]} 35.
f4 {[%clk 0:19:11]} Rb3 {[%clk 0:29:38]} 36. Rg5+ {[%clk 0:18:53]} Kh7 {[%clk
0:29:29]} 37. Rxg7+ {[%clk 0:16:57]} Kh6 {[%clk 0:28:24]} 38. Be5 {[%clk
0:05:13]} Bxa3 {[%clk 0:28:22]} 39. Rxf7 {[%clk 0:04:27]} Bb2 {[%clk 0:28:46]}
40. Rxb7 {[%clk 0:33:14]} a3 {[%clk 0:57:17]} 41. Ra7 {[%clk 0:31:53]} Bxe5
{[%clk 0:47:56]} 42. fxe5 {[%clk 0:29:54]} b5 {[%clk 0:48:21]} 43. Kh3 {[%clk
0:29:47]} Kg6 {[%clk 0:45:57]} 44. e6 {[%clk 0:27:17]} b4 {[%clk 0:45:52]} 45. e7
{[%clk 0:26:46]} Kf7 {[%clk 0:46:10]} 46. Kh4 {[%clk 0:26:29]} Rb2 {[%clk
0:45:27]} 47. h3 {[%clk 0:26:05]} a2 {[%clk 0:40:37]} 48. g4 {[%clk 0:26:22]}
hxg4 {[%clk 0:41:02]} 49. hxg4 {[%clk 0:26:47]} b3 {[%clk 0:40:32]} 50. g5 {[%clk
0:27:13]} Re2 {[%clk 0:39:31]} 51. Kh5 {[%clk 0:26:32]} Rxe7 {[%clk 0:39:04]} 52.
g6+ {[%clk 0:26:54]} Kf6 {[%clk 0:38:43]} 53. Ra3 {[%clk 0:26:23]} b2 {[%clk
0:37:58]} 0-1

[Event "Irena Warakomska Memorial A"]
[Site "Suwalki"]
[Date "2021.07.28"]
[Round "2"]
[White "Krainski, Aleksander"]
[Black "Golecki, Jan"]
[Result "0-1"]
[Board "38"]
[WhiteElo "2066"]
[WhiteTitle "FM"]
[WhiteCountry "POL"]
[WhiteFideId "1102400"]
[WhiteEloChange "-7"]
[BlackElo "2161"]
[BlackCountry "POL"]
[BlackFideId "1184008"]
[BlackEloChange "7"]

1. d4 {[%clk 1:30:55]} Nf6 {[%clk 1:30:55]} 2. Nf3 {[%clk 1:31:05]} e6 {[%clk
1:31:21]} 3. e3 {[%clk 1:31:24]} b6 {[%clk 1:31:43]} 4. Be2 {[%clk 1:31:45]} Bb7
{[%clk 1:31:41]} 5. O-O {[%clk 1:32:05]} d5 {[%clk 1:30:52]} 6. b3 {[%clk
1:31:47]} Bd6 {[%clk 1:31:09]} 7. Bb2 {[%clk 1:32:08]} Nbd7 {[%clk 1:30:55]} 8.
Nbd2 {[%clk 1:29:16]} O-O {[%clk 1:29:08]} 9. Ne5 {[%clk 1:27:28]} c5 {[%clk
1:26:44]} 10. f4 {[%clk 1:27:43]} cxd4 {[%clk 1:22:57]} 11. exd4 {[%clk 1:28:00]}
Rc8 {[%clk 1:20:05]} 12. Bd3 {[%clk 1:13:02]} Ne4 {[%clk 1:19:53]} 13. Qe2 {[%clk
1:10:53]} Nxd2 {[%clk 1:06:59]} 14. Qxd2 {[%clk 1:11:09]} Nf6 {[%clk 1:07:12]}
15. Rad1 {[%clk 1:04:00]} Qc7 {[%clk 0:58:02]} 16. Rf2 {[%clk 0:56:54]} b5 {[%clk
0:57:35]} 17. g3 {[%clk 0:51:20]} Rfd8 {[%clk 0:52:38]} 18. Qe2 {[%clk 0:44:09]}
Ne4 {[%clk 0:45:35]} 19. Bxe4 {[%clk 0:43:12]} dxe4 {[%clk 0:45:57]} 20. Ng4
{[%clk 0:42:54]} Qa5 {[%clk 0:36:01]} 21. Ne3 {[%clk 0:31:15]} Qxa2 {[%clk
0:29:06]} 22. Ba1 {[%clk 0:31:25]} f5 {[%clk 0:26:52]} 23. Qxb5 {[%clk 0:27:42]}
Ba6 {[%clk 0:26:36]} 24. Qa4 {[%clk 0:28:02]} Qxa4 {[%clk 0:27:01]} 25. bxa4
{[%clk 0:28:28]} Bb4 {[%clk 0:25:49]} 26. Rg2 {[%clk 0:13:24]} Bc3 {[%clk
0:25:58]} 27. Bxc3 {[%clk 0:13:41]} Rxc3 {[%clk 0:26:21]} 28. Kf2 {[%clk
0:14:08]} Ra3 {[%clk 0:24:28]} 29. g4 {[%clk 0:08:55]} e5 {[%clk 0:19:25]} 30.
dxe5 {[%clk 0:08:54]} Rxd1 {[%clk 0:19:50]} 31. Nxd1 {[%clk 0:09:19]} Rf3+ {[%clk
0:20:15]} 32. Ke1 {[%clk 0:09:16]} e3 {[%clk 0:20:36]} 33. Rg1 {[%clk 0:06:27]}
fxg4 {[%clk 0:20:20]} 34. Nb2 {[%clk 0:03:19]} Rf2 {[%clk 0:19:45]} 0-1

[Event "Irena Warakomska Memorial A"]
[Site "Suwalki"]
[Date "2021.07.28"]
[Round "2"]
[White "Kozlowski, Michal"]
[Black "Nowak, Lukasz"]
[Result "1/2-1/2"]
[Board "39"]
[WhiteElo "2043"]
[WhiteCountry "POL"]
[WhiteFideId "21838194"]
[WhiteEloChange "6"]
[BlackElo "2303"]
[BlackTitle "FM"]
[BlackCountry "POL"]
[BlackFideId "1166760"]
[BlackEloChange "-6"]

1. e4 {[%clk 1:30:56]} c5 {[%clk 1:30:42]} 2. Nf3 {[%clk 1:31:22]} d6 {[%clk
1:31:04]} 3. Bb5+ {[%clk 1:31:47]} Nd7 {[%clk 1:30:47]} 4. d4 {[%clk 1:32:02]}
cxd4 {[%clk 1:30:58]} 5. Qxd4 {[%clk 1:32:28]} a6 {[%clk 1:31:11]} 6. Bxd7+
{[%clk 1:32:53]} Bxd7 {[%clk 1:27:31]} 7. O-O {[%clk 1:33:18]} Rc8 {[%clk
1:26:30]} 8. c4 {[%clk 1:33:01]} e5 {[%clk 1:26:40]} 9. Qd3 {[%clk 1:32:35]} b5
{[%clk 1:25:21]} 10. Na3 {[%clk 1:32:52]} Qb6 {[%clk 1:24:08]} 11. Be3 {[%clk
1:31:01]} Qb7 {[%clk 1:24:25]} 12. cxb5 {[%clk 1:30:21]} axb5 {[%clk 1:24:31]}
13. Rfe1 {[%clk 1:29:31]} h6 {[%clk 1:17:48]} 14. Bd2 {[%clk 1:28:40]} Nf6 {[%clk
1:16:13]} 15. Bb4 {[%clk 1:27:46]} Bc6 {[%clk 1:11:02]} 16. Rac1 {[%clk 1:26:57]}
Be7 {[%clk 1:07:27]} 17. Nxb5 {[%clk 0:57:54]} Bxb5 {[%clk 0:49:37]} 18. Rxc8+
{[%clk 0:58:21]} Kd7 {[%clk 0:49:51]} 19. Rc4 {[%clk 0:58:48]} Bxc4 {[%clk
0:49:38]} 20. Qxc4 {[%clk 0:46:18]} Rc8 {[%clk 0:48:09]} 21. Qb3 {[%clk 0:46:46]}
Nxe4 {[%clk 0:42:37]} 22. Qa4+ {[%clk 0:36:03]} Ke6 {[%clk 0:41:31]} 23. Bxd6
{[%clk 0:36:21]} Bxd6 {[%clk 0:32:21]} 24. Qxe4 {[%clk 0:36:45]} Qxe4 {[%clk
0:32:24]} 25. Rxe4 {[%clk 0:37:12]} Kd5 {[%clk 0:30:49]} 26. Re2 {[%clk 0:22:15]}
1/2-1/2

[Event "Irena Warakomska Memorial A"]
[Site "Suwalki"]
[Date "2021.07.29"]
[Round "3"]
[White "Socko, Bartosz"]
[Black "Lukasiewicz, Krzysztof"]
[Result "1-0"]
[Board "1"]
[WhiteElo "2619"]
[WhiteTitle "GM"]
[WhiteCountry "POL"]
[WhiteFideId "1107038"]
[WhiteEloChange "2"]
[BlackElo "2359"]
[BlackTitle "FM"]
[BlackCountry "POL"]
[BlackFideId "1166042"]
[BlackEloChange "-4"]

1. e4 {[%clk 1:30:56]} c6 {[%clk 1:28:20]} 2. d4 {[%clk 1:31:21]} d5 {[%clk
1:28:46]} 3. Nc3 {[%clk 1:31:45]} dxe4 {[%clk 1:29:12]} 4. Nxe4 {[%clk 1:32:09]}
Bf5 {[%clk 1:29:38]} 5. Ng3 {[%clk 1:32:32]} Bg6 {[%clk 1:30:05]} 6. Bc4 {[%clk
1:32:56]} Nf6 {[%clk 1:27:35]} 7. N1e2 {[%clk 1:33:13]} Nbd7 {[%clk 1:21:08]} 8.
Nf4 {[%clk 1:30:06]} e6 {[%clk 1:18:16]} 9. h4 {[%clk 1:29:04]} e5 {[%clk
1:17:53]} 10. Nxg6 {[%clk 1:21:36]} hxg6 {[%clk 1:18:18]} 11. Qe2 {[%clk
1:15:29]} Qe7 {[%clk 1:00:08]} 12. dxe5 {[%clk 1:12:11]} Nxe5 {[%clk 0:57:28]}
13. Bb3 {[%clk 1:12:33]} O-O-O {[%clk 0:57:42]} 14. Bf4 {[%clk 1:08:40]} Qb4+
{[%clk 0:53:42]} 15. Bd2 {[%clk 1:08:02]} Qb5 {[%clk 0:53:58]} 16. Qxb5 {[%clk
0:59:10]} cxb5 {[%clk 0:54:20]} 17. a4 {[%clk 0:59:35]} Bc5 {[%clk 0:47:13]} 18.
Bg5 {[%clk 0:52:24]} Bb4+ {[%clk 0:32:33]} 19. c3 {[%clk 0:44:41]} Nd3+ {[%clk
0:30:01]} 20. Kf1 {[%clk 0:44:49]} bxa4 {[%clk 0:29:49]} 21. Bxf7 {[%clk
0:41:51]} Bc5 {[%clk 0:29:50]} 22. Bxf6 {[%clk 0:41:41]} gxf6 {[%clk 0:30:14]}
23. Ne4 {[%clk 0:42:06]} Be7 {[%clk 0:29:12]} 24. Bxg6 {[%clk 0:36:52]} Kb8
{[%clk 0:25:36]} 25. h5 {[%clk 0:35:36]} Nxb2 {[%clk 0:22:30]} 26. h6 {[%clk
0:33:09]} Nd3 {[%clk 0:19:22]} 27. h7 {[%clk 0:32:38]} a3 {[%clk 0:08:48]} 28.
Bf5 {[%clk 0:30:34]} b5 {[%clk 0:07:36]} 29. Ke2 {[%clk 0:25:50]} Kc7 {[%clk
0:01:54]} 30. Rad1 {[%clk 0:23:37]} Ne5 {[%clk 0:01:51]} 31. Rxd8 {[%clk
0:23:31]} Kxd8 {[%clk 0:02:19]} 32. f4 {[%clk 0:22:12]} Nc6 {[%clk 0:02:45]} 33.
Kd3 {[%clk 0:21:03]} a5 {[%clk 0:03:00]} 34. Be6 {[%clk 0:20:29]} Kc7 {[%clk
0:02:34]} 35. Bg8 {[%clk 0:19:19]} b4 {[%clk 0:02:46]} 36. g4 {[%clk 0:18:33]}
Kd7 {[%clk 0:01:01]} 37. Kc4 {[%clk 0:16:59]} Ke8 {[%clk 0:00:49]} 38. Kb5 {[%clk
0:16:28]} Nd8 {[%clk 0:00:45]} 39. Kxa5 {[%clk 0:16:45]} bxc3 {[%clk 0:01:13]}
40. Nxc3 {[%clk 0:47:02]} Kf8 {[%clk 0:31:33]} 41. Kb6 {[%clk 0:45:11]} Nf7
{[%clk 0:19:01]} 42. Nd5 {[%clk 0:45:04]} a2 {[%clk 0:18:25]} 43. Ra1 {[%clk
0:41:17]} f5 {[%clk 0:18:47]} 44. Nxe7 {[%clk 0:39:17]} Kxe7 {[%clk 0:18:43]} 45.
Rxa2 {[%clk 0:38:03]} Nh6 {[%clk 0:18:59]} 46. g5 {[%clk 0:38:15]} Nxg8 {[%clk
0:19:23]} 47. Ra8 {[%clk 0:38:38]} Rxh7 {[%clk 0:19:13]} 48. Ra7+ {[%clk
0:39:02]} 1-0